[Event "Bengaluru Karnataka op"]
[Site "Bengaluru"]
[Date "2018.04.15"]
[Round "3"]
[White "Rakesh, N."]
[Black "Thejkumar, MS."]
[Result "0-1"]
[WhiteElo "1359"]
[BlackElo "2493"]
[PlyCount "98"]
[EventDate "2018.04.14"]
[EventType "swiss"]
[EventRounds "10"]
[EventCountry "IND"]
[SourceTitle "CBM 184 Extra"]
[Source "ChessBase"]
[SourceDate "2018.06.28"]
[SourceVersion "1"]
[SourceVersionDate "2018.06.28"]
[SourceQuality "1"]

1. e4 c6 2. d4 d5 3. e5 c5 4. c3 Nc6 5. Nf3 cxd4 6. cxd4 Bg4 7. Bb5 e6 8. Bxc6+ bxc6 9. Bd2 Qb6 10. Bc3 Bxf3 11. Qxf3 Nh6 12. Nd2 Nf5 13. Qd3 c5 14. Nf3 Be7 15. 0-0 a5 16. Rac1 0-0 17. dxc5 Bxc5 18. g4 Ne7 19. h4 Rfc8 20. Ng5 Ng6 21. h5 Nf8 22. Qf3 Qb7 23. Kg2 h6 24. Nh3 Nh7 25. Rc2 Be7 26. Re2 Rc4 27. b3 Rc7 28. Kh2 a4 29. Rb1 Rac8 30. Bd4 Bc5 31. Ba1 Be7 32. Bd4 Qb4 33. Rd1 Rc1 34. Qd3 axb3 35. axb3 Rxd1 36. Qxd1 Rb8 37. Re3 Bc5 38. Bxc5 Qxc5 39. Qd3 Rb4 40. f4 Nf8 41. Rg3 Qc1 42. Rg2 Qa3 43. Rg3 Qb2+ 44. Kh1 Rd4 45. Qc3 Rd1+ 46. Ng1 Qf2 47. Rg2 Qh4+ 48. Rh2 Qxg4 49. Qc5 d4 0-1